000 00625nam a2200241Ia 4500
003 OSt
005 20220918182251.0
006 a|||||r|||| 00| 0
007 ta
008 220917b |||||||| |||| 00| 0 eng d
024 _a31,594
037 _cTextual
040 _aARTS
_cARTS
_beng
041 _2eng
_aeng
082 _aO-,3M15,WA, M2
100 _aTrollope A
_959946
245 0 _aWarden ed by Robin Gilmour
260 _aEngland
_bPenguin
_c1982
300 _axxx, 201p.
_ccm.
650 _aENGLISH LITERATURE
942 _hO-,3M15,WA, M2
_cTEXL
_2CC
999 _c168349
_d168349